| 000 | 00881cam a22002293a 4500 | ||
|---|---|---|---|
| 001 | 14500 | ||
| 003 | PGUSA | ||
| 005 | 20140828083318.0 | ||
| 008 | 041228s2004||||xxu|||||s|||||000 | eng d | ||
| 040 |
_aPGUSA _beng |
||
| 042 | _adc | ||
| 050 | 4 | _aPA | |
| 100 | 1 |
_aErasmus, Desiderius, _d1469-1536 |
|
| 245 | 1 | 0 |
_aTwo Dyaloges (c. 1549) : _bWrytten in laten by the famous clerke, D. Erasm[us] of Roterodame, one called Polyphemus or the gospeller, the other dysposyng of thynges and names, translated in to Englyshe by Edmonde Becke. _h[electronic resource] / _cDesiderius Erasmus |
| 260 |
_bProject Gutenberg, _c2004 |
||
| 506 | _aPublic domain in the USA. | ||
| 516 | _aElectronic text | ||
| 653 | _aDialogues, Latin (Medieval and modern) -- Translations into English | ||
| 830 | 0 |
_aProject Gutenberg _v14500 |
|
| 856 | 4 | 0 | _uhttp://www.gutenberg.org/ebooks/14500 |
| 942 | _cEB | ||
| 999 |
_c243755 _d243755 |
||